Die 70 beliebtesten ♂ ♀ Vornamen in Brasilien - Statistiken

Allgemein
  • Dieses Quiz wurde 31 mal gespielt
  • Das Durchschnittsergebnis liegt bei 10 aus 72
Antwortstatistiken
♀ / ♂ Name % Korrekt
Mädchen - - > ⤵️
100%
Jungen - - > ⤵️
100%
M5 Maria
58%
J4 João
46%
H6 Helena
33%
L5 Laura
33%
A3 Ana
29%
G7 Gabriel
29%
S6 Sophia
29%
A5 Alice
25%
J4 José
25%
J5 Julia
25%
L4 Luíz
21%
P5 Pedro
21%
S5 Sofia
21%
A7 Antonio
17%
E5 Elisa
17%
G9 Guilherme
17%
G7 Gustavo
17%
I8 Isabella
17%
L5 Lucas
17%
M6 Miguel
17%
A6 Arthur
13%
B7 Beatriz
13%
D6 Daniel
13%
F6 Felipe
13%
H8 Henrique
13%
J7 Joaquim
13%
L4 Lara
13%
L6 Lorena
13%
M7 Manuela
13%
M8 Manuella
13%
M7 Melissa
13%
V7 Vitória
13%
A9 Antonella
8%
B8 Benjamin
8%
D4 Davi
8%
E4 Enzo
8%
I7 Isadora
8%
L7 Larissa
8%
L5 Livia
8%
M7 Mariana
8%
M7 Matheus
8%
M4 Maya
8%
N4 Noah
8%
R6 Rafael
8%
S6 Samuel
8%
B8 Bernardo
4%
B5 Bruna
4%
C7 Cecilia
4%
E4 Eloa
4%
G8 Giovanna
4%
H6 Heitor
4%
H7 Heloisa
4%
I5 Isaac
4%
I4 Isis
4%
L7 Letícia
4%
L3 Liz
4%
L7 Lorenzo
4%
N7 Nicolas
4%
P6 Pietro
4%
T4 Theo
4%
Y6 Yasmin
4%
A7 Anthony
0%
B7 Benicio
0%
E9 Emanuelly
0%
G4 Gael
0%
G8 Gustavol
0%
I8 Isabelly
0%
M5 Maite
0%
R4 Ravi
0%
V8 Valentia
0%
Keine übereinstimmenden Quizze gefunden
Verteilung der Resultate
Anzahl Personen mit jedem Resultat
Perzentil nach korrekt beantworteten Fragen
Ihre Resultats-Entwicklung
Sie haben dieses Quiz noch nicht gespielt